000 00410nam a2200157Ia 4500
008 210716s2012 xx 000 0 und d
020 _a9788132108924
041 _aeng
082 _a658.3 WILN
100 _aWilton, Nick.
245 _aIntroduction to human resource management.
250 _a1
260 _aNew Delhi
_bSage Publications
_c2012
300 _axx,518
650 _aHuman Resource Management
999 _c208030
_d208030